| 000 | 00526nam a2200181 i 4500 | ||
|---|---|---|---|
| 001 | 129520 | ||
| 003 | ES-MaACL | ||
| 005 | 20250809022212.0 | ||
| 007 | t| | ||
| 008 | 070625s1954 sp ||||1| spa d | ||
| 245 | 0 | 0 |
_aTextos jurídicos españoles / _cRafael Gibert. |
| 260 |
_aPamplona : _bGómez, _c1954. |
||
| 300 |
_a227 p. ; _c21 cm. |
||
| 650 | 7 |
_aDerecho- _zEspaña- _vFuentes _2 _9155630 |
|
| 700 | 1 |
_aGibert y Sánchez de la Vega, Rafael. _956654 |
|
| 852 |
_aES-MaACL _jC-9138 |
||
| 999 |
_c129520 _d129520 |
||